00366pab a2200121 454500008004000000100001500040245009700055260000900152300001400161650001800175700002300193773002800216180718b2005 xxu||||| |||| 00| 0 eng d aYukl, Gary aWhy integrating the leading and managing roles is essential for organizational effectiveness c2005 ap.361-75. aOrganizations aLepsinger, Richard aOrganizational Dynamics